| 000 | 00628nam a2200241Ia 4500 | ||
|---|---|---|---|
| 003 | OSt | ||
| 005 | 20230315154145.0 | ||
| 008 | 210210b2010 xxu||||| |||| 00| 0 eng d | ||
| 020 | _a9780070221796 | ||
| 040 | _cAL | ||
| 041 | _aeng | ||
| 082 | _a658 HILI | ||
| 100 |
_aHILL (Charles W L) _975538 |
||
| 245 | _aInternational business: competing in the global marketplace | ||
| 250 | _a6 | ||
| 260 |
_aNew Delhi _bTata McGraw Hill Education Pvt. Ltd. _c2010 |
||
| 300 | _axxv,942 | ||
| 650 |
_athe _975539 |
||
| 690 |
_aManagement _975540 |
||
| 700 |
_aJAIN (Arun Kumar) _975541 |
||
| 906 | _a065018 | ||
| 942 |
_2ddc _cBK |
||
| 999 |
_c142610 _d142610 |
||